| 000 | 00437nam a2200157 i 4500 | ||
|---|---|---|---|
| 001 | 38853 | ||
| 003 | ES-MaACL | ||
| 005 | 20230906155834.0 | ||
| 007 | t| | ||
| 008 | 030226s1922 sp ||||1| spa d | ||
| 100 | 1 |
_aCamba, Francisco. _934019 |
|
| 245 | 1 | 3 |
_aEl vellocino de plata _b: novela / _cFrancisco Camba. |
| 260 |
_aMadrid : _b[s.n., _c1922] ( _fTalls. Poligráficos) |
||
| 300 |
_a380 p. ; _c19 cm. |
||
| 852 |
_aES-MaACL _jF-10092 |
||
| 999 |
_c38853 _d38853 |
||